000 00450nam a2200169Ia 4500
003 GCL
008 140319s9999 xx 000 0 eng d
040 _aGCL /
_cGCL
082 0 4 _a723.3
_bG H
100 1 _aGOODWIN, GODFERY
245 1 0 _aA HISTORY OF OTTOMAN ARCHITECTURE /
_cGOODWIN, GODFERY
260 _a[S.N] :
_bTHAMES AND HUDSON ،
_c1971
300 _a505 P
650 0 4 _aARCHITECTURE
650 0 4 _aARCHITECTURE, OTTOMAN
942 _2ddc
_cBK
999 _c12019
_d12019